Vine a descobrir el Palau Güell
Descripción Física:
1 punt de llibre : il·lustracions ; 21 x 7 cm
Idioma:
Catalán
MARC
| LEADER | 00000nrm a2200000 a 4500 | ||
|---|---|---|---|
| 001 | 26281 | ||
| 003 | Arxiu | ||
| 005 | 20260324181130.0 | ||
| 008 | 220719b spa||||| |||| 00| 0 cat d | ||
| 017 | |a DL B 26140-2014 | ||
| 080 | |a NBM-14-62 | ||
| 245 | 0 | 3 | |a Vine a descobrir el Palau Güell |
| 260 | |a Barcelona : |b Palau Güell, |c 2014 | ||
| 300 | |a 1 punt de llibre : |b il·lustracions ; |c 21 x 7 cm | ||
| 500 | |a Punt de llibre del Palau Güell elaborat per la mateixa institució. | ||
| 610 | 2 | 0 | |a Palau Güell (Barcelona) |9 17034 |
| 655 | 0 | |a Punts de llibre |9 52700 | |
| 710 | 2 | |a Palau Güell (Barcelona) |9 17034 | |
| 942 | |2 udc |c ARXIU |n 1 | ||
| 952 | |0 0 |1 0 |4 0 |6 NBM1462 |7 1 |9 62817 |a Arxiu |b Arxiu |d 2022-07-19 |l 0 |o NBM-14-62 |p 26281 |r 2022-07-19 00:00:00 |w 2022-07-19 |y ARXIU | ||
| 999 | |c 82302 |d 82302 | ||